000
00281nam a2200109Ia 4500
008
220204s9999 xx 000 0 und d
082
_a
681.31C
_b
LAD
100
_a
Ladymon, Robert F
245
0
_a
Graphic user interface programming with C
260
_a
Delhi
_b
BPB
_c
1993
942
_c
BK
999
_c
40609
_d
40609